000 00879cam a22003011 4500
001 29155
003 BD-RjUL
005 20211209051359.0
008 140402s1954 nyua b 001 0 eng
035 _a(BD-RjUL)29240
035 _a(OCoLC)770150
040 _aDLC
_cOTMC
_dOCoLC
_dDLC
_dBD-RjUL
_beng
041 _aeng
082 _a137.8
_bROR 1954
100 1 _aAmes, Louise Bates.
_944166
245 1 0 _aRorschach responses in old age /
_cby Louise Bates Ames ...[rt al. ]
250 _a1st ed.
260 _aNew York :
_bA hoeber- harper book,
_cc1954.
300 _axiv, 229 p. :
_bill. ;
_c24 cm.
500 _a"A Hoeber-Harper book."
504 _aIncludes bibliography and index.
650 0 _aOld age.
_989006
650 0 _aRorschach Test.
_988677
700 _aAmes, Louise Bates.
_944166
942 _2ddc
_cBK
999 _c29155
_d29155